[Event "Titled Tuesday intern op 30th Apr Early"]
[Site "Chess.com INT"]
[Date "2024.04.30"]
[Round "3"]
[White "Corrales Jimenez, Fidel"]
[Black "Herman, Daniel"]
[Result "1-0"]
[WhiteElo "2545"]
[BlackElo "1968"]
[PlyCount "79"]
[EventDate "2024.04.30"]
[EventType "swiss (blitz)"]
[EventRounds "11"]
[EventCountry "USA"]
[SourceTitle "CB19_2024"]
[SourceDate "2024.05.08"]
[SourceVersion "1"]
[SourceVersionDate "2024.05.08"]
[SourceQuality "1"]

1. d4 Nf6 2. c4 g6 3. Nc3 d5 4. e3 Bg7 5. Nf3 0-0 6. Bd2 c6 7. Rc1 Bf5 8. h3 Ne4 9. cxd5 cxd5 10. Qb3 Nxc3 11. Bxc3 Bc8 12. Qa3 Nc6 13. b4 e6 14. b5 Ne7 15. Bb4 Re8 16. Be2 Bd7 17. 0-0 Nc8 18. Rc2 Nb6 19. Rfc1 Nc4 20. Bxc4 dxc4 21. Rxc4 Bxb5 22. Rc5 Bc6 23. Ne5 Bxe5 24. Rxe5 Qf6 25. Ra5 a6 26. Bd6 Rac8 27. Rac5 Bd7 28. Qb3 Rxc5 29. Rxc5 Bc6 30. f3 Qd8 31. Bf4 Qe7 32. Qc2 f6 33. e4 Rd8 34. Be3 Qf7 35. h4 f5 36. h5 fxe4 37. fxe4 Qf6 38. Re5 Qh4 39. Qe2 Rf8 40. Bg5 1-0

[Event "Titled Tuesday intern op 30th Apr Early"]
[Site "Chess.com INT"]
[Date "2024.04.30"]
[Round "11"]
[White "Herman, Daniel"]
[Black "Vusatiuk, Vladimir"]
[Result "1-0"]
[WhiteElo "1968"]
[BlackElo "2309"]
[PlyCount "117"]
[EventDate "2024.04.30"]
[EventType "swiss (blitz)"]
[EventRounds "11"]
[EventCountry "USA"]
[SourceTitle "CB19_2024"]
[SourceDate "2024.05.08"]
[SourceVersion "1"]
[SourceVersionDate "2024.05.08"]
[SourceQuality "1"]

1. e4 c5 2. Nf3 d6 3. d4 cxd4 4. Nxd4 Nf6 5. Nc3 a6 6. Be3 e5 7. Nb3 Be6 8. Be2 Nbd7 9. 0-0 Be7 10. a4 0-0 11. a5 Rc8 12. f3 Bc4 13. Bxc4 Rxc4 14. Qd3 Qc7 15. Rfd1 Rc8 16. Rd2 Rb4 17. Ra4 Rxa4 18. Nxa4 Qc4 19. Qxc4 Rxc4 20. Nb6 Nxb6 21. Bxb6 Nd7 22. Be3 Nb8 23. Kf1 Nc6 24. Ke2 g6 25. c3 f5 26. Kd3 Ra4 27. Bb6 Kf7 28. Rd1 Ke6 29. Ra1 Rxa1 30. Nxa1 d5 31. exd5+ Kxd5 32. Nc2 e4+ 33. fxe4+ fxe4+ 34. Ke2 Kc4 35. Ke3 Kb3 36. Nd4+ Kxb2 37. Nxc6 bxc6 38. c4 Kc3 39. Kxe4 Kxc4 40. Ke5 Kb5 41. Ke6 Bb4 42. Kf7 c5 43. Kg7 c4 44. Kxh7 Bxa5 45. Be3 Bb6 46. Bc1 a5 47. Kxg6 a4 48. h4 Bc5 49. h5 a3 50. h6 a2 51. Bb2 Ba3 52. Ba1 c3 53. Bxc3 Kc4 54. Ba1 Kb3 55. h7 Bb2 56. Bxb2 Kxb2 57. h8Q+ Kb1 58. g4 a1Q 59. Qxa1+ 1-0

[Event "Titled Tuesday intern op 23rd Apr Late"]
[Site "Chess.com INT"]
[Date "2024.04.23"]
[Round "8"]
[White "Antunes, Luciano Justi"]
[Black "Herman, Daniel"]
[Result "0-1"]
[WhiteElo "2045"]
[BlackElo "1968"]
[PlyCount "136"]
[EventDate "2024.04.23"]
[EventType "swiss (blitz)"]
[EventRounds "11"]
[EventCountry "USA"]
[SourceTitle "CB18_2024"]
[SourceDate "2024.05.01"]
[SourceVersion "1"]
[SourceVersionDate "2024.05.01"]
[SourceQuality "2"]

1. e4 e5 2. Nf3 Nf6 3. Nxe5 Nc6 4. d4 Nxe4 5. Bd3 Nf6 6. c3 Be7 7. 0-0 0-0 8. Nd2 d6 9. Nxc6 bxc6 10. Qf3 d5 11. Qg3 Bd6 12. Qh4 c5 13. Nf3 c4 14. Bc2 Rb8 15. Bg5 h6 16. Bxf6 Qxf6 17. Qxf6 gxf6 18. b4 a5 19. a3 Bg4 20. Rfe1 Bxf3 21. gxf3 axb4 22. axb4 Ra8 23. Ba4 Bf4 24. Bc6 Rxa1 25. Rxa1 Bd2 26. Ra3 Rd8 27. Kf1 Rd6 28. b5 Kg7 29. Ke2 Bf4 30. h3 f5 31. Kd1 Kf6 32. Ra7 Rd8 33. Ra8 Rxa8 34. Bxa8 Ke6 35. Bc6 Kd6 36. Kc2 Bg5 37. Kd1 Bf6 38. f4 Be7 39. Kd2 Ke6 40. Bb7 Ba3 41. Bc6 Bd6 42. Bb7 Bxf4+ 43. Kd1 Kd6 44. Bc6 Bh2 45. Be8 f6 46. Bc6 Bg1 47. Ke2 Bh2 48. Kf3 Ke6 49. Ke3 Bd6 50. f4 Ba3 51. Kd2 Bd6 52. Ke3 Bf8 53. Bb7 h5 54. Bc8+ Kd6 55. Bxf5 c5 56. Bg6 h4 57. dxc5+ Kxc5 58. Be8 f5 59. Bd7 Bg7 60. Kd2 d4 61. cxd4+ Bxd4 62. Bxf5 Kxb5 63. Kc2 Kc5 64. Bg4 Kd5 65. f5 Ke5 66. Be2 c3 67. Bg4 Kf4 68. Kd3 Bf6 0-1

[Event "Titled Tuesday intern op 16th Apr Early"]
[Site "Chess.com INT"]
[Date "2024.04.16"]
[Round "1"]
[White "Herman, Daniel"]
[Black "Agibileg, Uurtsaikh"]
[Result "0-1"]
[WhiteElo "1968"]
[BlackElo "2442"]
[PlyCount "72"]
[EventDate "2024.04.16"]
[EventType "swiss (blitz)"]
[EventRounds "11"]
[EventCountry "USA"]
[SourceTitle "CB17_2024"]
[SourceDate "2024.04.24"]
[SourceVersion "1"]
[SourceVersionDate "2024.04.24"]
[SourceQuality "1"]

1. c4 Nf6 2. Nc3 g6 3. e4 d6 4. d4 Bg7 5. Nf3 0-0 6. h3 e5 7. d5 a5 8. g4 Na6 9. Bd3 Nc5 10. Bc2 c6 11. Be3 h5 12. g5 Nfd7 13. dxc6 bxc6 14. Qxd6 Ne6 15. 0-0-0 Ra6 16. c5 Re8 17. Bb3 Bf8 18. Qd2 Nexc5 19. Bc4 Ra8 20. Nh4 Kg7 21. Kb1 Qc7 22. f4 Nb6 23. Be2 exf4 24. Bxf4 Qb7 25. Rhf1 Be6 26. Be5+ Kg8 27. Qf4 Nbd7 28. Bd4 Rab8 29. Rd2 a4 30. Nf5 Nxe4 31. Nxe4 Bxf5 32. Bd3 c5 33. Nf6+ Nxf6 34. Bxf5 Nd5 35. Qf3 cxd4 36. Be4 Rxe4 0-1

[Event "Titled Tuesday intern op 16th Apr Early"]
[Site "Chess.com INT"]
[Date "2024.04.16"]
[Round "7"]
[White "Herman, Daniel"]
[Black "Clawitter, Craig"]
[Result "1/2-1/2"]
[WhiteElo "1968"]
[BlackElo "2050"]
[PlyCount "90"]
[EventDate "2024.04.16"]
[EventType "swiss (blitz)"]
[EventRounds "11"]
[EventCountry "USA"]
[SourceTitle "CB17_2024"]
[SourceDate "2024.04.24"]
[SourceVersion "1"]
[SourceVersionDate "2024.04.24"]
[SourceQuality "1"]

1. e4 e6 2. d4 d5 3. Nc3 Bb4 4. e5 c5 5. a3 Bxc3+ 6. bxc3 Ne7 7. Qg4 Qc7 8. Qxg7 Rg8 9. Qxh7 cxd4 10. Ne2 Nbc6 11. f4 dxc3 12. Qd3 d4 13. Nxd4 Nxd4 14. Qxd4 Bd7 15. Be3 Nf5 16. Qc5 0-0-0 17. Qxc7+ Kxc7 18. Bf2 Bc6 19. Rg1 Be4 20. g4 Nd4 21. Bxd4 Rxd4 22. Rg3 Kb8 23. Rd1 Rxd1+ 24. Kxd1 Rd8+ 25. Kc1 Rd2 26. Rxc3 Rf2 27. Bd3 Bxd3 28. Rxd3 Rxf4 29. Rg3 Rf1+ 30. Kb2 Rh1 31. Rh3 Kc7 32. Rh7 Kc6 33. h4 Kd5 34. h5 Kxe5 35. Rxf7 Rh4 36. Rg7 Kf4 37. Kc3 e5 38. Kd3 e4+ 39. Ke2 Rh2+ 40. Kf1 Kf3 41. Rf7+ Kxg4 42. Re7 Kf3 43. Rf7+ Kg4 44. Re7 Kf3 45. Rf7+ Kg4 1/2-1/2

[Event "Titled Tuesday intern op 16th Apr Early"]
[Site "Chess.com INT"]
[Date "2024.04.16"]
[Round "11"]
[White "Shapiro, Viktor"]
[Black "Herman, Daniel"]
[Result "0-1"]
[WhiteElo "2113"]
[BlackElo "1968"]
[PlyCount "88"]
[EventDate "2024.04.16"]
[EventType "swiss (blitz)"]
[EventRounds "11"]
[EventCountry "USA"]
[SourceTitle "CB17_2024"]
[SourceDate "2024.04.24"]
[SourceVersion "1"]
[SourceVersionDate "2024.04.24"]
[SourceQuality "1"]

1. c4 e6 2. Nc3 d5 3. d4 Be7 4. Nf3 Nf6 5. Bg5 0-0 6. e3 b6 7. Qc2 Bb7 8. Bxf6 Bxf6 9. cxd5 exd5 10. Be2 c5 11. dxc5 bxc5 12. 0-0 Nc6 13. Rfd1 Nb4 14. Qd2 Qe7 15. a3 Bxc3 16. Qxc3 d4 17. Nxd4 Nd5 18. Nf5 Qg5 19. Qb3 Nf4 20. Qxb7 Nxe2+ 21. Kf1 Qxf5 22. Kxe2 Rab8 23. Qf3 Rxb2+ 24. Kf1 Qe6 25. Rac1 Qa6+ 26. Kg1 Qxa3 27. Qd5 h6 28. Rxc5 Rfb8 29. Rc7 Rf8 30. h3 a5 31. Ra7 Ra2 32. Qc4 Qb2 33. Qf4 a4 34. Rdd7 Qb3 35. g4 a3 36. Kg2 Ra1 37. h4 a2 38. Rdb7 Qd5+ 39. Qf3 Rg1+ 40. Kxg1 Qxf3 41. Rb2 Qxg4+ 42. Kf1 Qd1+ 43. Kg2 a1Q 44. Rxa1 Qxa1 0-1

[Event "Titled Tuesday intern op 02nd Apr Late"]
[Site "Chess.com INT"]
[Date "2024.04.02"]
[Round "1"]
[White "Herman, Daniel"]
[Black "Atanasov, Anthony"]
[Result "0-1"]
[WhiteElo "1968"]
[BlackElo "2407"]
[PlyCount "114"]
[EventDate "2024.04.02"]
[EventType "swiss (blitz)"]
[EventRounds "11"]
[EventCountry "USA"]
[SourceTitle "CB15_2024"]
[SourceDate "2024.04.10"]
[SourceVersion "1"]
[SourceVersionDate "2024.04.10"]
[SourceQuality "1"]

1. Nf3 d5 2. c4 c6 3. e3 Nf6 4. Nc3 a6 5. b3 Bf5 6. d4 e6 7. Nh4 Bb4 8. Bd2 Bxc3 9. Bxc3 Ne4 10. Nxf5 Nxc3 11. Qc2 Ne4 12. Ng3 Qa5+ 13. Ke2 Nf6 14. f3 Nbd7 15. Kf2 h5 16. h4 b5 17. cxd5 Nxd5 18. Ne4 Qc7 19. Rc1 Rc8 20. Ng5 N7f6 21. a4 0-0 22. axb5 axb5 23. e4 Qf4 24. exd5 Qxd4+ 25. Kg3 Qe5+ 26. Kh3 exd5 27. Bxb5 cxb5 28. Qxc8 Rxc8 29. Rxc8+ Ne8 30. Rhc1 g6 31. f4 Qf5+ 32. Kh2 Qxf4+ 33. Kh1 Qxh4+ 34. Kg1 Qd4+ 35. Kh1 Qh4+ 36. Kg1 Qxg5 37. Rxe8+ Kg7 38. Rcc8 b4 39. Red8 h4 40. Kf2 Qf4+ 41. Ke1 Qe3+ 42. Kf1 Qd3+ 43. Kg1 Qxb3 44. Rg8+ Kf6 45. Rc6+ Kg5 46. Re8 Qd1+ 47. Kh2 f5 48. Ree6 Qh5 49. Rcd6 b3 50. Rb6 h3 51. gxh3 Qd1 52. Rxg6+ Kf4 53. Rge6 d4 54. Red6 Kf3 55. Rg6 f4 56. Rg2 d3 57. Ra6 Qf1 0-1

[Event "Titled Tuesday intern op 02nd Apr Early"]
[Site "Chess.com INT"]
[Date "2024.04.02"]
[Round "4"]
[White "Herman, Daniel"]
[Black "Bluebaum, Matthias"]
[Result "0-1"]
[WhiteElo "1968"]
[BlackElo "2649"]
[PlyCount "82"]
[EventDate "2024.04.02"]
[EventType "swiss (blitz)"]
[EventRounds "11"]
[EventCountry "USA"]
[SourceTitle "CB15_2024"]
[SourceDate "2024.04.10"]
[SourceVersion "1"]
[SourceVersionDate "2024.04.10"]
[SourceQuality "1"]

1. e4 e6 2. d4 d5 3. Nc3 Nf6 4. e5 Nfd7 5. f4 c5 6. Nf3 Nc6 7. Be3 a6 8. a3 cxd4 9. Nxd4 Bc5 10. Qd2 g5 11. f5 Bxd4 12. Bxd4 Nxd4 13. Qxd4 Qb6 14. Qxb6 Nxb6 15. 0-0-0 Nd7 16. Re1 b5 17. h4 g4 18. h5 Bb7 19. Rh4 exf5 20. e6 fxe6 21. Rxe6+ Kf7 22. Rd6 Ke7 23. Rh6 Nf6 24. Bd3 Bc8 25. Rh1 Kf7 26. Re1 Rd8 27. Re5 Kg7 28. Rxf6 Kxf6 29. Rxd5 Rxd5 30. Nxd5+ Ke5 31. Ne7 Be6 32. Nc6+ Kf4 33. Nd4 Bd7 34. Ne2+ Ke3 35. g3 h6 36. Kd1 Bc6 37. Bxf5 Bf3 38. Bd3 Rd8 39. Ke1 Rxd3 40. cxd3 Bxe2 41. d4 Bc4 0-1

[Event "Titled Tuesday intern op 02nd Apr Late"]
[Site "Chess.com INT"]
[Date "2024.04.02"]
[Round "11"]
[White "Herman, Daniel"]
[Black "Dziewonski, Dariusz"]
[Result "1-0"]
[WhiteElo "1968"]
[BlackElo "2289"]
[PlyCount "45"]
[EventDate "2024.04.02"]
[EventType "swiss (blitz)"]
[EventRounds "11"]
[EventCountry "USA"]
[SourceTitle "CB15_2024"]
[SourceDate "2024.04.10"]
[SourceVersion "1"]
[SourceVersionDate "2024.04.10"]
[SourceQuality "1"]

1. c4 e6 2. g3 d5 3. Bg2 Nf6 4. Nf3 Be7 5. 0-0 0-0 6. d4 dxc4 7. Qc2 a6 8. a4 Bd7 9. Rd1 Bc6 10. Qxc4 Nbd7 11. a5 Rc8 12. Nc3 Ne4 13. d5 Nxc3 14. dxc6 Nxd1 15. cxd7 Qxd7 16. Ne5 Qb5 17. Qxb5 axb5 18. Bxb7 Rb8 19. a6 Bf6 20. Nc6 Bxb2 21. Bxb2 Nxb2 22. Nxb8 Rxb8 23. a7 1-0

[Event "Titled Tuesday intern op 02nd Apr Early"]
[Site "Chess.com INT"]
[Date "2024.04.02"]
[Round "8"]
[White "Herman, Daniel"]
[Black "Fernandez Hernandez, Gerardo"]
[Result "1-0"]
[WhiteElo "1968"]
[BlackElo "2161"]
[PlyCount "113"]
[EventDate "2024.04.02"]
[EventType "swiss (blitz)"]
[EventRounds "11"]
[EventCountry "USA"]
[SourceTitle "CB15_2024"]
[SourceDate "2024.04.10"]
[SourceVersion "1"]
[SourceVersionDate "2024.04.10"]
[SourceQuality "1"]

1. c4 e5 2. g3 Nf6 3. Bg2 d6 4. Nc3 g6 5. Nf3 Nc6 6. d4 exd4 7. Nxd4 Nxd4 8. Qxd4 Bg7 9. 0-0 0-0 10. Qh4 Nh5 11. Qxd8 Rxd8 12. Bg5 Bf6 13. Bxf6 Nxf6 14. Rad1 c6 15. Rd2 Be6 16. b3 d5 17. cxd5 Nxd5 18. Nxd5 Bxd5 19. Bxd5 cxd5 20. Rfd1 Rac8 21. e4 d4 22. Rxd4 Rxd4 23. Rxd4 Rc2 24. Rd7 Rxa2 25. Rxb7 Rb2 26. Kg2 a5 27. Rb5 Kg7 28. h4 h5 29. Kf3 Kf6 30. Ke3 Ke6 31. f3 Rc2 32. g4 Rc3+ 33. Kf4 hxg4 34. fxg4 f6 35. Rb6+ Ke7 36. g5 fxg5+ 37. hxg5 Kf7 38. Rf6+ Kg7 39. Rb6 Kf7 40. Rb5 Ke6 41. Re5+ Kf7 42. Rxa5 Rxb3 43. Ke5 Rg3 44. Ra7+ Ke8 45. Kf6 Re3 46. e5 Kd8 47. e6 Rf3+ 48. Kxg6 Ke8 49. Kg7 Rh3 50. g6 Rg3 51. Kh7 Rh3+ 52. Kg8 Rg3 53. g7 Rg1 54. Ra3 Ke7 55. Rf3 Kxe6 56. Kf8 Rh1 57. g8Q+ 1-0

[Event "Titled Tuesday intern op 02nd Apr Late"]
[Site "Chess.com INT"]
[Date "2024.04.02"]
[Round "4"]
[White "Herman, Daniel"]
[Black "Thake, Conrad"]
[Result "1-0"]
[WhiteElo "1968"]
[BlackElo "1847"]
[PlyCount "35"]
[EventDate "2024.04.02"]
[EventType "swiss (blitz)"]
[EventRounds "11"]
[EventCountry "USA"]
[SourceTitle "CB15_2024"]
[SourceDate "2024.04.10"]
[SourceVersion "1"]
[SourceVersionDate "2024.04.10"]
[SourceQuality "1"]

1. c4 e5 2. Nc3 Nc6 3. e3 g6 4. d4 Bg7 5. d5 Nce7 6. d6 cxd6 7. Nb5 d5 8. Nd6+ Kf8 9. cxd5 Qa5+ 10. Bd2 Qxd5 11. Bb4 Qxd1+ 12. Rxd1 a5 13. Ba3 Nf6 14. Bc4 b5 15. Bxb5 Ba6 16. Bxa6 Rxa6 17. Nc8 Nfd5 18. Rxd5 1-0

[Event "Titled Tuesday intern op 12th Mar Late"]
[Site "Chess.com INT"]
[Date "2024.03.12"]
[Round "9"]
[White "Ambartsumova, Karina"]
[Black "Herman, Daniel"]
[Result "1-0"]
[WhiteElo "2418"]
[BlackElo "1956"]
[PlyCount "67"]
[EventDate "2024.03.12"]
[EventType "swiss (blitz)"]
[EventRounds "11"]
[EventCountry "USA"]
[SourceTitle "CB12_2024"]
[SourceDate "2023.10.01"]
[SourceVersion "1"]
[SourceVersionDate "2023.10.01"]
[SourceQuality "1"]

1. d4 Nf6 2. c4 g6 3. Nc3 d5 4. h4 c5 5. cxd5 cxd4 6. Qxd4 Bg7 7. Nf3 0-0 8. Qd1 Qa5 9. Bd2 Qb6 10. e4 Ng4 11. Qe2 Qxb2 12. Rb1 Qc2 13. Qd3 Qxd3 14. Bxd3 e6 15. h5 exd5 16. Nxd5 Nc6 17. h6 Bh8 18. 0-0 Be6 19. Rxb7 Bxd5 20. exd5 Nce5 21. Nxe5 Bxe5 22. Be2 Nf6 23. Bf3 Rfd8 24. Ba5 Rd7 25. Rfb1 Rxb7 26. Rxb7 Ne8 27. g3 Nd6 28. Rd7 Kf8 29. Bc7 Nc4 30. d6 Re8 31. Kg2 Nb6 32. Bxb6 axb6 33. Bd5 Rc8 34. Rxf7+ 1-0

[Event "Titled Tuesday intern op 12th Mar Early"]
[Site "Chess.com INT"]
[Date "2024.03.12"]
[Round "9"]
[White "Bilan, Danila"]
[Black "Herman, Daniel"]
[Result "1-0"]
[WhiteElo "2303"]
[BlackElo "1956"]
[PlyCount "39"]
[EventDate "2024.03.12"]
[EventType "swiss (blitz)"]
[EventRounds "11"]
[EventCountry "USA"]
[SourceTitle "CB12_2024"]
[SourceDate "2023.10.01"]
[SourceVersion "1"]
[SourceVersionDate "2023.10.01"]
[SourceQuality "1"]

1. d4 Nf6 2. Nf3 g6 3. Bg5 Bg7 4. c3 0-0 5. Nbd2 d5 6. e3 b6 7. Bd3 c5 8. 0-0 Bb7 9. Ne5 Nc6 10. f4 Ne8 11. Qg4 Nd6 12. Qh4 f6 13. Nxg6 hxg6 14. Bxg6 Rf7 15. Qh7+ Kf8 16. Bh6 e6 17. Bxf7 Bxh6 18. Bxe6 Bg7 19. Bxd5 Qe7 20. Qg8# 1-0

[Event "Titled Tuesday intern op 12th Mar Early"]
[Site "Chess.com INT"]
[Date "2024.03.12"]
[Round "8"]
[White "George Samir, David"]
[Black "Herman, Daniel"]
[Result "0-1"]
[WhiteElo "2130"]
[BlackElo "1956"]
[PlyCount "36"]
[EventDate "2024.03.12"]
[EventType "swiss (blitz)"]
[EventRounds "11"]
[EventCountry "USA"]
[SourceTitle "CB12_2024"]
[SourceDate "2023.10.01"]
[SourceVersion "1"]
[SourceVersionDate "2023.10.01"]
[SourceQuality "1"]

1. e4 e6 2. d4 d5 3. Nd2 c5 4. exd5 exd5 5. Ngf3 Nf6 6. Bb5+ Nc6 7. 0-0 Be7 8. dxc5 Bxc5 9. Re1+ Be6 10. Ng5 0-0 11. Nxe6 fxe6 12. Bxc6 bxc6 13. Rxe6 Ng4 14. Qxg4 Rxf2 15. Nb3 Rf4+ 16. Nxc5 Rxg4 17. Be3 d4 18. Rd1 Qd5 0-1

[Event "Titled Tuesday intern op 12th Mar Early"]
[Site "Chess.com INT"]
[Date "2024.03.12"]
[Round "4"]
[White "Herman, Daniel"]
[Black "Antunez, Soler Luis"]
[Result "0-1"]
[WhiteElo "1956"]
[BlackElo "2200"]
[PlyCount "94"]
[EventDate "2024.03.12"]
[EventType "swiss (blitz)"]
[EventRounds "11"]
[EventCountry "USA"]
[SourceTitle "CB12_2024"]
[SourceDate "2023.10.01"]
[SourceVersion "1"]
[SourceVersionDate "2023.10.01"]
[SourceQuality "1"]

1. e4 e6 2. d4 d5 3. Nd2 Be7 4. Ngf3 Nf6 5. e5 Nfd7 6. Bd3 c5 7. c3 Nc6 8. 0-0 a5 9. Re1 cxd4 10. cxd4 g5 11. h3 h5 12. Nf1 g4 13. hxg4 hxg4 14. N3h2 Bb4 15. Bd2 Qh4 16. Qxg4 Nxd4 17. Bxb4 axb4 18. Rac1 Qxg4 19. Nxg4 Kd8 20. Bb1 b6 21. Rcd1 b3 22. axb3 Nxb3 23. f4 Ra1 24. f5 Ndc5 25. Nf6 Rh4 26. g3 Rb4 27. Ne3 Ra5 28. Nexd5 exd5 29. Nxd5 Rd4 30. Nxb6 Bb7 31. Rxd4+ Nxd4 32. Rd1 Ncb3 33. Nc4 Ra1 34. g4 Kc7 35. Kf2 Be4 36. Bxe4 Rxd1 37. Nd6 Nc5 38. Bg2 Rd2+ 39. Kg3 Ne2+ 40. Kf3 Ng1+ 41. Kg3 Rxb2 42. Nxf7 Ne2+ 43. Kf3 Nd4+ 44. Kg3 Rb3+ 45. Kh4 Ne2 46. e6 Re3 47. Ng5 Nf4 0-1

[Event "Titled Tuesday intern op 12th Mar Early"]
[Site "Chess.com INT"]
[Date "2024.03.12"]
[Round "1"]
[White "Herman, Daniel"]
[Black "Rakhmatullaev, Almas"]
[Result "0-1"]
[WhiteElo "1956"]
[BlackElo "2424"]
[PlyCount "78"]
[EventDate "2024.03.12"]
[EventType "swiss (blitz)"]
[EventRounds "11"]
[EventCountry "USA"]
[SourceTitle "CB12_2024"]
[SourceDate "2023.10.01"]
[SourceVersion "1"]
[SourceVersionDate "2023.10.01"]
[SourceQuality "1"]

1. c4 c6 2. d4 d5 3. cxd5 cxd5 4. Bg5 Nc6 5. Nc3 h6 6. Bh4 g5 7. Bg3 Bg7 8. e3 Nf6 9. Bd3 a6 10. h4 g4 11. h5 b5 12. Nge2 Bb7 13. Rc1 Qd7 14. Nf4 e5 15. dxe5 Nxe5 16. Bc2 0-0 17. Nce2 Rad8 18. Nd4 Ne4 19. Bh4 Rc8 20. 0-0 Rfe8 21. Bb1 Nc4 22. Re1 Nxb2 23. Qe2 Na4 24. Bxe4 Rxe4 25. Rxc8+ Qxc8 26. f3 gxf3 27. gxf3 Rxf4 28. exf4 Bxd4+ 29. Kg2 Bg7 30. Qe7 d4 31. f5 Nc5 32. f6 Qg4+ 33. Bg3 Qxf3+ 34. Kh3 Qxh5+ 35. Bh4 Qf3+ 36. Bg3 Qf5+ 37. Kh2 Qh5+ 38. Kg1 Qh1+ 39. Kf2 Qg2# 0-1

[Event "Titled Tuesday intern op 12th Mar Early"]
[Site "Chess.com INT"]
[Date "2024.03.12"]
[Round "5"]
[White "San, Thit Lwin"]
[Black "Herman, Daniel"]
[Result "1-0"]
[WhiteElo "2242"]
[BlackElo "1956"]
[PlyCount "131"]
[EventDate "2024.03.12"]
[EventType "swiss (blitz)"]
[EventRounds "11"]
[EventCountry "USA"]
[SourceTitle "CB12_2024"]
[SourceDate "2023.10.01"]
[SourceVersion "1"]
[SourceVersionDate "2023.10.01"]
[SourceQuality "1"]

1. Nf3 Nf6 2. c4 g6 3. Nc3 Bg7 4. e4 0-0 5. d4 d6 6. Be2 e5 7. 0-0 Nc6 8. d5 Ne7 9. b4 a5 10. Ba3 axb4 11. Bxb4 Nd7 12. Nd2 f5 13. a4 Nc5 14. Bxc5 dxc5 15. Nb3 b6 16. a5 fxe4 17. axb6 Rxa1 18. Qxa1 cxb6 19. Nxe4 Nf5 20. Bg4 h5 21. Bh3 Qh4 22. Nbd2 g5 23. Bxf5 Bxf5 24. g3 Qh3 25. Nxg5 Qg4 26. Ne6 e4 27. Qxg7+ Qxg7 28. Nxg7 Kxg7 29. Re1 Re8 30. Nf1 Ra8 31. Ne3 Bd7 32. Rb1 Ra6 33. f3 exf3 34. Kf2 Bg4 35. Rb2 Kf6 36. h3 Bxh3 37. Kxf3 Bf5 38. Kf4 Bd3 39. Rb3 Bxc4 40. Nxc4 Ra4 41. Rxb6+ Ke7 42. d6+ Kd7 43. Ke5 Rxc4 44. Rb7+ Kd8 45. Rh7 Rg4 46. Ke6 Rg6+ 47. Kd5 Rg5+ 48. Kc6 Rg8 49. Ra7 Ke8 50. Ra8+ Kf7 51. Rxg8 Kxg8 52. d7 Kg7 53. d8Q Kg6 54. Qb6 Kg5 55. Qxc5+ Kg4 56. Qd4+ Kxg3 57. Qg1+ Kh3 58. Qh1+ Kg4 59. Kd5 h4 60. Ke4 Kg3 61. Ke3 h3 62. Ke4 h2 63. Kf5 Kh3 64. Kg5 Kg3 65. Kh5 Kh3 66. Qf3# 1-0

[Event "Titled Tuesday intern op 27th Feb Late"]
[Site "Chess.com INT"]
[Date "2024.02.27"]
[Round "9"]
[White "Ambartsumova, Karina"]
[Black "Herman, Daniel"]
[Result "0-1"]
[WhiteElo "2418"]
[BlackElo "1927"]
[PlyCount "80"]
[EventDate "2024.02.27"]
[EventType "swiss (blitz)"]
[EventRounds "11"]
[EventCountry "USA"]
[SourceTitle "CB10_2024"]
[SourceDate "2024.03.06"]
[SourceVersion "1"]
[SourceVersionDate "2024.03.06"]
[SourceQuality "1"]

1. d4 d6 2. Nf3 Bg4 3. c4 Nf6 4. Nc3 c6 5. e4 Bxf3 6. Qxf3 e5 7. Be3 Be7 8. dxe5 dxe5 9. Qg3 Qa5 10. Bd3 0-0 11. 0-0 Nbd7 12. a3 Qc7 13. b4 a5 14. c5 axb4 15. axb4 Rfd8 16. Bc4 Nf8 17. b5 Ne6 18. Bxe6 fxe6 19. Qh3 Qd7 20. Rad1 Qc8 21. Rxd8+ Bxd8 22. bxc6 Qxc6 23. Rc1 Ra3 24. f3 Ba5 25. Nd1 Rxe3 26. Nxe3 Bd2 27. Ra1 Bxe3+ 28. Kh1 h6 29. Qh4 Qxc5 30. Qe1 Bd4 31. Rc1 Qb5 32. Rb1 Qc6 33. Qb4 b6 34. Qe7 Kh7 35. h3 Nh5 36. Qh4 Nf4 37. Qg4 Qc2 38. Rf1 b5 39. h4 b4 40. Kh2 b3 0-1

[Event "Titled Tuesday intern op 27th Feb Late"]
[Site "Chess.com INT"]
[Date "2024.02.27"]
[Round "4"]
[White "Herman, Daniel"]
[Black "Golubev, Mikhail"]
[Result "0-1"]
[WhiteElo "1927"]
[BlackElo "2461"]
[PlyCount "106"]
[EventDate "2024.02.27"]
[EventType "swiss (blitz)"]
[EventRounds "11"]
[EventCountry "USA"]
[SourceTitle "CB10_2024"]
[SourceDate "2024.03.06"]
[SourceVersion "1"]
[SourceVersionDate "2024.03.06"]
[SourceQuality "1"]

1. e4 c5 2. Nf3 d6 3. Bb5+ Bd7 4. a4 Nf6 5. Nc3 g6 6. 0-0 Bg7 7. Re1 0-0 8. e5 dxe5 9. Nxe5 Bf5 10. d3 Nbd7 11. Nxd7 Bxd7 12. Bg5 a6 13. Bc4 Bc6 14. a5 h6 15. Bh4 Qd4 16. Bg3 Qd7 17. Qe2 e6 18. Be5 Nh5 19. Bxg7 Kxg7 20. Qe5+ Kh7 21. Qxc5 Rac8 22. Qe5 Qd8 23. g3 Nf6 24. Ne2 Nd5 25. Nd4 Ne7 26. Nxc6 Nxc6 27. Qe4 Nxa5 28. c3 Nxc4 29. dxc4 Qc7 30. b3 Rfd8 31. Red1 Rxd1+ 32. Rxd1 b5 33. cxb5 axb5 34. Rd3 Kg7 35. Qd4+ e5 36. Qd5 Qc5 37. Qxc5 Rxc5 38. f3 Kf6 39. Kf2 Ke6 40. Ke3 f5 41. h4 g5 42. hxg5 hxg5 43. g4 fxg4 44. fxg4 Rc8 45. Ke4 Rf8 46. Rh3 Rf4+ 47. Ke3 Rxg4 48. Rh6+ Kf5 49. Rb6 Rg3+ 50. Kd2 Ke4 51. Rxb5 Rg2+ 52. Kc1 g4 53. Rb8 Kd3 0-1

[Event "Titled Tuesday intern op 27th Feb Late"]
[Site "Chess.com INT"]
[Date "2024.02.27"]
[Round "6"]
[White "Schuster, Karsten"]
[Black "Herman, Daniel"]
[Result "1-0"]
[WhiteElo "2283"]
[BlackElo "1927"]
[PlyCount "65"]
[EventDate "2024.02.27"]
[EventType "swiss (blitz)"]
[EventRounds "11"]
[EventCountry "USA"]
[SourceTitle "CB10_2024"]
[SourceDate "2024.03.06"]
[SourceVersion "1"]
[SourceVersionDate "2024.03.06"]
[SourceQuality "1"]

1. Nf3 c5 2. c3 d5 3. d4 e6 4. a3 Nf6 5. Bf4 Bd6 6. Bg3 0-0 7. e3 b6 8. Bd3 Ba6 9. Bxa6 Nxa6 10. Nbd2 Nb8 11. 0-0 Nc6 12. b4 Bxg3 13. hxg3 Qd6 14. bxc5 bxc5 15. Nb3 c4 16. Nc5 e5 17. Rb1 Rab8 18. Qa4 Rb6 19. Nb7 Qc7 20. dxe5 Ne4 21. Rxb6 axb6 22. Nd6 Nxd6 23. exd6 Qxd6 24. Nd4 Nxd4 25. exd4 Qg6 26. Qd7 Qd3 27. Qxd5 Qxc3 28. Rb1 Qd3 29. Rxb6 c3 30. Rc6 c2 31. Qc5 h6 32. Qxc2 Qxa3 33. d5 1-0